[Event "Linares 14th"]
[Site "Linares"]
[Date "1997.02.15"]
[Round "10"]
[White "Ivanchuk, Vassily"]
[Black "Piket, Jeroen"]
[Result "1-0"]
[WhiteElo "2740"]
[BlackElo "2640"]
[Annotator "Psakhis,L"]
[PlyCount "71"]
[EventDate "1997.02.04"]
[EventType "tourn"]
[EventRounds "11"]
[EventCountry "ESP"]
[EventCategory "18"]
[SourceTitle "CBM 057"]
[Source "ChessBase"]
[SourceDate "1997.04.01"]
[SourceVersion "1"]
[SourceVersionDate "1997.04.01"]
[SourceQuality "1"]

1. e4 e5 2. f4 $1 exf4 3. Bc4 {Nigel Short won game in Wijk aan Zee against
Predrag Nikolic with this sharp line, just few days before Linares. Nobody
analized this variation seriously - biggest advantage of whole line.} c6 {
Piket doesn't like to check Ivanchuk preparation after normal 3...Nf6 4.Nc3 c6}
4. Nc3 d5 $5 (4... Qh4+ 5. Kf1 Qf6 6. d4 d6 7. Nf3 Bg4 8. e5 Qh6 9. exd6 Bxd6
10. Ne4 Bc7 11. Bxf7+ Kf8 12. Bc4 Nd7 $14 {1-0 Lahti,A-Harju,A/FIN t-ch 1990 
(42)}) 5. exd5 Qh4+ 6. Kf1 f3 7. d3 {N/} (7. d4 fxg2+ 8. Kxg2 Bg4 9. Qd3 Nf6
10. Qe3+ Kd8 11. Qg3 Qxg3+ 12. hxg3 b5 {0-1 Dekker,A-Keserovic,M/Durban op
1995 (33)}) 7... fxg2+ 8. Kxg2 Nf6 (8... Bg4 9. Qf1 Nf6 10. Bf4 $32) 9. Qe2+
Kd8 10. Qe5 $5 {[%cal Rc1f4]} Qf2+ $5 {Funny move, but not the best one.} (
10... Nbd7 11. Qg5 Qxg5+ 12. Bxg5 $36) ({Deserves attention.} 10... Qg4+ $5 11.
Qg3 (11. Kf1 Nbd7) 11... b5) 11. Kxf2 Ng4+ 12. Kg2 Nxe5 13. Bf4 Ng6 $6 ({
Why not} 13... Nxc4 $5 14. dxc4 Bb4 15. Ne4 Bf5 16. Ng5 Bg6 {with reasonable
game.}) 14. Bg3 f6 15. Nf3 {Ivanchuk has advantage in space and development
and his chances are clearly better.} Bb4 16. Nd4 Bd7 (16... Bxc3 17. bxc3 Ne5
18. Bxe5 fxe5 19. Nf3 Re8 20. Rae1 $36) 17. Ne6+ (17. Rae1 cxd5 (17... Bxc3 18.
bxc3 cxd5 19. Bxd5 Nc6 20. Nb5 $1 $16) 18. Bxd5 Nc6 $14) 17... Bxe6 18. dxe6
Ne7 {[%cal Ye7f5]} (18... Bxc3 19. bxc3 b5 20. Bb3 a5 21. a4 $16) 19. Rhf1 Nc8
(19... Bxc3 20. bxc3 Nc8 $140 21. Z0 Ke7 22. Z0 Nd6) 20. Ne4 Ke7 21. Bh4 (21.
Rf4 $5 Nd6 $140 22. Nxd6 Bxd6 23. Rg4 $36) 21... Rf8 (21... Nd6 22. Nxf6 Nxc4
23. Nh5+ g5 (23... Kxe6 24. Nxg7+ Kd7 25. dxc4 Rg8 26. Rf7+ Kc8 27. Rd1 $18)
24. Bxg5+ Kxe6 25. Ng7+ Kd5 26. dxc4+ Kxc4 27. Rf4+ (27. Rf7 $5) 27... Kb5 28.
a4+ Ka5 29. Ne6 Rg8 (29... Na6 30. Rf5+ c5 31. c3) 30. Rf5+ Kb6 31. a5+ Bxa5
32. Raxa5 h6 33. Ra3 $1 $18) 22. c3 Bd6 23. Kh1 {[%cal Yf1g1,Ya1f1]} b5 24. Bb3
Na6 (24... a5 25. a4) 25. a4 $1 $16 {[%cal Ra1a7]} Nc7 $6 {It was better not
to open a line.} (25... b4 $5) 26. axb5 cxb5 27. d4 a5 28. Rf3 {[%cal Ra1g1,
Rg1g7]} a4 29. Ba2 Ra6 (29... a3 $5) 30. Rg1 Ne8 (30... g5 $6 31. Rxf6 $1 Rxf6
(31... gxh4 32. Rg7+ Ke8 33. Rxf8+ Kxf8 34. Rf7+ Ke8 35. Nf6+ $18) 32. Bxg5 Ne8
33. Bxf6+ Nxf6 34. Rg7+ $18) 31. Rf5 a3 ({Stabborn} 31... Rb6 $5 {was stronger.
}) 32. Rxb5 $18 g5 33. Rb7+ Nc7 (33... Bc7 34. Bg3 axb2 (34... Rb6 35. Rxb6
Bxb6 36. bxa3) 35. Bxc7 Rxa2 36. Bd6+ Kxe6 37. Bxf8 $18) 34. Nxd6 Rxd6 35.
Rxc7+ Kd8 36. Rf7 $1 1-0

[Event "Dortmund SuperGM 25th"]
[Site "Dortmund"]
[Date "1997.07.13"]
[Round "9"]
[White "Polgar, Judit"]
[Black "Ivanchuk, Vassily"]
[Result "1/2-1/2"]
[WhiteElo "2670"]
[BlackElo "2725"]
[Annotator "Wedberg,T"]
[PlyCount "74"]
[EventDate "1997.07.04"]
[EventType "tourn"]
[EventRounds "9"]
[EventCountry "GER"]
[EventCategory "18"]
[SourceTitle "CBM 060"]
[Source "ChessBase"]
[SourceDate "1997.09.29"]
[SourceVersion "1"]
[SourceVersionDate "1997.09.29"]
[SourceQuality "1"]

{Polgars choice, 4.d4 and 5.Bxc6, against Ivanchuks surprice 3. - f5 is not
White's most ambitious. Ivanchuk tries a new move that results in an even
ending.} 1. e4 e5 2. Nf3 Nc6 3. Bb5 f5 4. d4 fxe4 5. Bxc6 dxc6 (5... bxc6 6.
Nxe5 Nf6 7. Bg5 (7. O-O Bb7 8. Qe2 d5 9. Bg5 Be7 10. f3 O-O 11. Bxf6 Bxf6 12.
fxe4 dxe4 13. c3 Qd5 14. Nd2 c5 $15 {0-1 Brunner,M-Pennekamp,M/Weihnachts
Open-B 1996/EXP 56 (19)}) 7... Bb7 8. O-O Be7 9. Nc3 O-O 10. Qe2 Qe8 11. h3 d6
12. Ng4 Nxg4 13. Qxg4 Bxg5 14. Qxg5 d5 15. Nd1 Bc8 $13 {Mortensen,E-Saavedra,C/
Novi Sad olm 1990/TD 90\06/1/2-1/2 (43)}) 6. Nxe5 Bf5 $146 (6... Qh4 7. O-O (7.
Qe2 Be6 8. O-O O-O-O 9. Be3 Bd6 10. Nd2 Nf6 11. f4 exf3 12. Ndxf3 Qh5 13. Rae1
Rhe8 $15 {1/2-1/2 Stean,M-O'Kelly de Galway,A/London 1973/MCL 05 (23)}) (7. Nc3
Nf6 8. h3 (8. Qe2 Bb4 9. Qc4 Bxc3+ 10. bxc3 Nd5 11. Ba3 {1-0 Marco,G-Trenchard,
H/Wien ;HCL 01-33 1898 (22)} Qg5 $1 $13) 8... Nd5 9. O-O Nxc3 10. bxc3 Bd6 11.
Qe1 Bxe5 12. dxe5 Bf5 13. c4 c5 14. Qe3 b6 15. f4 h5 16. Bb2 O-O-O 17. Rad1 {
1/2-1/2 Short,N-Piket,J/Dortmund 1995/CBM 48/[Survey]}) 7... Nf6 8. f3 Bd6 9.
Qe1 Qh5 10. Nc3 Bxe5 11. dxe5 Qxe5 12. Nxe4 O-O 13. Nxf6+ Qxf6 14. c3 {1/2-1/2
Rellstab,L-Tolush,A/EU-chT Wien\Baden 1957/EU-chT}) (6... Nf6 7. Bg5 Be7 (7...
Bf5 8. O-O h6 9. Bh4 g5 10. Bg3 h5 11. h4 Ng4 12. Nc3 gxh4 13. Bf4 Qf6 $13 {
1-0 Mortensen,E-Sylvan,J/Copenhagen op 1993/EXT 93op (20)}) 8. Nc3 O-O 9. O-O
Bf5 10. Ne2 h6 11. Ng3 Bh7 12. Be3 Bd6 13. Qe2 Qe7 $11 {Sasaki,K-Handoko,E/
ASIA-chT 1993/EXT 93b/0-1 (73)}) 7. O-O (7. Qh5+ g6 8. Nxg6 $2 Bxg6 9. Qe5+ Kf7
10. Qxh8 Bg7 $19) 7... Bd6 8. Qh5+ g6 9. Qe2 Qh4 10. Nc3 Nf6 11. f3 Bxe5 12.
dxe5 exf3 13. Rxf3 Qd4+ 14. Kh1 (14. Qf2 Qxf2+ 15. Rxf2 Nd7 (15... Ne4 16. Nxe4
Bxe4 17. Bg5 h6 18. Bf6 O-O 19. Re1 Bd5 20. e6 $16) 16. Bg5 O-O 17. Re1 Rae8
$11) 14... Ne4 15. Nxe4 Qxe4 16. Rf2 Qxe2 17. Rxe2 Bg4 18. Re1 Rf8 19. Kg1 Be6
20. Bg5 a5 21. a3 Rf5 22. Bf6 Rf4 23. Rad1 b5 24. c3 b4 25. axb4 axb4 26. cxb4
(26. Ra1 Rxa1 27. Rxa1 bxc3 28. bxc3 Kd7 $11) 26... Rxb4 27. Rd2 Ra2 28. Rd8+
Kf7 29. Re2 Rbxb2 30. Rxb2 Rxb2 31. Rh8 $11 h5 32. Rh7+ Kf8 33. Rxc7 Rc2 34.
Re7 Bd5 35. e6 Re2 (35... Rxg2+ 36. Kf1 Rxh2 37. Rf7+ Ke8 38. Re7+ Kf8 39. Rf7+
$11) 36. Rf7+ Ke8 37. Re7+ Kf8 1/2-1/2

[Event "WchT 4th"]
[Site "Luzern"]
[Date "1997.10.26"]
[Round "2.1"]
[White "Ivanchuk, Vassily"]
[Black "Chiburdanidze, Maia"]
[Result "1-0"]
[WhiteElo "2725"]
[BlackElo "2525"]
[Annotator "Ribli,Z"]
[PlyCount "49"]
[EventDate "1997.10.25"]
[EventType "team-tourn"]
[EventRounds "9"]
[EventCountry "SUI"]
[SourceTitle "CBM 062"]
[Source "ChessBase"]
[SourceDate "1998.01.31"]
[SourceVersion "1"]
[SourceVersionDate "1998.01.31"]
[SourceQuality "1"]
[WhiteTeam "Ukraine"]
[BlackTeam "Georgia (w)"]
[WhiteTeamCountry "UKR"]
[BlackTeamCountry "GEO"]

1. Nf3 Nf6 2. c4 e6 3. g3 a6 {Eine seinerzeit von Romanishin in die
Turnierpraxis eingeführte Fortsetzung. Schwarz möchte - was für diese
Eröffnung ein wenig ungewöhnlich ist - nicht b6, sondern b7-b5 ziehen.Ribli.}
4. d3 {Eine schlaue Fortsetzung, die das sofortige 4...b5 verhindert.} (4. b3
b5 5. Nc3 c6 6. d4 d5 7. c5 Nbd7 8. Bf4 h6 9. h4 Ne4 10. Nxe4 dxe4 11. Ne5 Nxe5
12. Bxe5 Qd5 {1/2-1/2 Van der Sterren,P-Nikolic,P/NLD-ch 1997/CBM 60/[Ribli] 
(30)}) (4. Bg2 b5 5. d3 bxc4 6. dxc4 Bb7 7. O-O Be7 8. Nc3 O-O 9. b3 d6 10. Bb2
c5 11. Qc2 Nbd7 12. Rad1 Qc7 13. e4 Ng4 14. Ne1 Nge5 15. Qd2 Nc6 16. Nc2 Rad8
17. h3 Bf6 18. Qxd6 Qxd6 19. Rxd6 Nd4 {1/2-1/2 Pfleger,H-Dautov,R/BL9192}) 4...
c5 (4... d5 5. b3 c5 6. Bg2 Nc6 7. O-O Be7 8. e3 O-O 9. Bb2 b5 10. Nc3 Rb8 11.
cxd5 exd5 {1/2-1/2 Magerramov,E-Vitolinsh,A/URS-ch sf 1978 (29)}) (4... b5 $6
5. e4 bxc4 6. e5 $36) 5. Bg2 b5 {Ein extrawaganter Zug.Chiburdanidze moechte
das Spiel komplizieren,aber endlich das hilft nur fuer Ivanchuk.Ribli.} (5...
Nc6 6. O-O Rb8 {Dieser Zug gefaellt mir nicht.Es ist wahr,dass Schwarz
vermeidet die Unangenehmlichkeiten auf der grosse Diagonale nach eventuellem
b7-b5,aber der Turm steht nicht so gut,auf b8.Ribli.} (6... Be7) 7. d4 b5 8.
Bf4 Rb6 9. Nc3 bxc4 10. e4 Bb7 11. e5 Nd5 12. Nxd5 exd5 13. dxc5 Rxb2 14. Ng5
Be7 15. Nxf7 Kxf7 16. Bxd5+ Ke8 17. Bh6 Qa5 18. Bxg7 Rd2 19. Qh5+ Kd8 20. Bxc6
{Dorfman,J-Kupreichik,V/URS-ch44 1976/1-0 (46)}) 6. e4 Bb7 $2 (6... d6 $5 {
Nach meiner Meinung dass ist die einzige Moeglichkeit fuer Schwarz.Ribli.} 7.
O-O (7. e5 dxe5 8. Nxe5 Ra7 9. cxb5 (9. Bf4 Bd6 $13 (9... Be7 10. Nxf7 $6 Kxf7
11. Bxb8 Bb7 12. Bxa7 (12. Bxb7 Qxb8 $13) 12... Bxg2 13. Rg1 Bc6 {[%csl Ra7]
[%cal Rd8c7,Rc7a7]})) 9... axb5 10. Nc3 $36) 7... Bb7 8. cxb5 axb5 9. Nc3 Qb6
10. Be3 Ng4 11. Qb3 Bc6 12. a4 Nxe3 13. fxe3 c4 $1 14. dxc4 Qxe3+ 15. Kh1 bxa4
16. Qc2 Be7 17. Nd5 Qa7 $1 (17... exd5 $2 18. exd5 Bd7 19. Rae1 $16) 18. Nxe7
Qxe7 19. Nd4 O-O 20. e5 $6 (20. Nxc6 $5 Nxc6 21. e5 $13) 20... Bxg2+ 21. Qxg2
Ra6 {0-1 Zhelesny,S-Krasenkow,M/Moscow ZSKS 1992 (38)}) 7. e5 {Wenn Weiss kann
diesen Zug ziehen mit Tempo - das meint - er hat Vorteil.Schwarz hat schwerige
Entwicklungsproblemen,und sein Springer findet seinen Platz.Ribli.} Ng4 8. O-O
Ra7 (8... Nc6 $5 9. h3 (9. Re1) 9... Nh6 (9... Ngxe5 $2 10. Nxe5 $18) 10. g4 $5
$16 (10. Bxh6 gxh6)) 9. d4 $1 $16 {Schwarz hat keine Figurenkoordination.Diese
Eroeffnung war klar ungluecklich fuer die Exweltmeisterin.Ribli.} bxc4 (9...
cxd4 $2 10. Qxd4 $18 {[%cal Rd4g4,Gd4a7]}) 10. Na3 $5 {Der Springer zielt nach
c4,woher er kontrolliert die wichtigste Schwachung - Punkt d6 - in schwarze
Stellung.Ribli.} (10. h3 Nh6 11. Nc3 Nf5 12. d5 $5) 10... Bd5 (10... Nc6 11. h3
Nh6 12. Nxc4 $16 {[%csl Gc4]}) (10... h5 $5 {Ivanchuk}) 11. Ng5 Bxg2 (11... h5
12. Bxd5 exd5 13. Qf3 $16 {[%csl Rd5,Rf7]}) 12. Kxg2 h5 13. f3 Nh6 14. d5 {
Das ist noch besser,als die sofortige Zuruecknahme des Bauern mit 14.Nxc4.Der
schwarze Koenig steht besonders schlecht in der Mitte,und er hat keine
Hoffnungen seine Stellung zu verbessern.Ribli.} Nf5 (14... Be7 15. Ne4 Nf5 16.
Nxc4 $16) 15. Nxc4 Nd4 16. Ne4 {[%csl Rd6,Re8]} exd5 17. Ncd6+ Bxd6 (17... Ke7
18. Bg5+ f6 19. exf6+ $18) 18. Nxd6+ Kf8 19. b4 $1 {Schwarz hat nur einzige
gute Figur - der Springer auf d4.Der weisse Textzug schwingt der
Springerposten auf d4.Ribli.} Nbc6 (19... Ne6 20. bxc5 Nxc5 21. Qxd5 $16 (21.
Ba3 $16)) 20. Be3 Ne6 21. Bxc5 (21. bxc5 $6 d4) 21... Nxc5 22. bxc5 $18 {
[%csl Rd5,Rf7,Rf8]} d4 (22... Ne7) (22... Nxe5 23. Qxd5 f6 (23... Qe7 24. Rae1
$18) 24. f4 $18) 23. Qb3 Qe7 24. Nc8 Qxc5 25. Rac1 {Und Schwarz gab in
hoffnungsloser Stellung auf.Ribli.} (25. Rac1 Qxe5 26. Rxc6 (26. Nxa7 Nxa7 27.
Rfe1 Qd6 28. Qb7 $18) 26... dxc6 27. Nxa7 Qc7 28. Rb1 $18) 1-0

[Event "WchT 4th"]
[Site "Luzern"]
[Date "1997.10.27"]
[Round "3.1"]
[White "Arencibia Rodriguez, Walter"]
[Black "Ivanchuk, Vassily"]
[Result "0-1"]
[WhiteElo "2550"]
[BlackElo "2725"]
[Annotator "Tyomkin,D"]
[PlyCount "42"]
[EventDate "1997.10.25"]
[EventType "team-tourn"]
[EventRounds "9"]
[EventCountry "SUI"]
[SourceTitle "CBM 062"]
[Source "ChessBase"]
[SourceDate "1998.01.31"]
[SourceVersion "1"]
[SourceVersionDate "1998.01.31"]
[SourceQuality "1"]
[WhiteTeam "Cuba"]
[BlackTeam "Ukraine"]
[WhiteTeamCountry "CUB"]
[BlackTeamCountry "UKR"]

1. e4 {Ftacnik} c5 2. Nf3 d6 3. d4 cxd4 4. Nxd4 Nf6 5. Nc3 a6 6. Bg5 e6 7. Qd3
b5 8. a3 (8. O-O-O {Ftacnik} Nbd7 9. a3 (9. f4 Bb7 10. a3 Be7 11. Bxf6 Nxf6 12.
e5 dxe5 13. fxe5 Nd7 14. Qh3 Qc7 15. Bxb5 axb5 16. Nxe6 fxe6 17. Qxe6 Nc5 18.
Qa2 Qb6 19. b4 Ne4 20. Nxe4 Bxe4 21. Rhf1 Rf8 22. Rxf8+ Bxf8 23. Rf1 O-O-O {
0-1 Pandavos,P-Wojtkiewicz,A/Athens Akropolis 1992}) 9... Bb7 10. Qh3 Be7 11.
Bd3 Rc8 12. Rhe1 Rxc3 13. bxc3 Qa5 14. Nb3 Qxa3+ 15. Kb1 O-O 16. e5 Nxe5 17.
Rxe5 dxe5 18. Bxf6 e4 19. Bxe7 Qxe7 20. Be2 Bd5 {Sareen,V-Howell,J/Calcutta op
1996/1/2-1/2 (45)}) 8... Nbd7 9. f4 Bb7 10. Qh3 $2 $146 (10. Be2 {Tyomkin,D}
Be7 11. Bf3 Qc7 (11... Qb6 12. O-O-O Nc5 13. Qe2 h6 {1/2-1/2 Longren,W-Schroer,
J/Los Angeles 1992}) (11... h6 $6 12. Bxf6 Bxf6 13. O-O-O Nc5 (13... Qb6 14. e5
$1) 14. Qe2 Qb6 15. e5 dxe5 16. fxe5 Bg5+ 17. Kb1 O-O-O 18. b4 Nd7 19. Bxb7+
Qxb7 20. Ne4 Be7 21. c4 $1 $16 {Pandavos,P-Rytshagov,M/Ano Liosia op 1993/1/
2-1/2(33)}) 12. O-O-O Rc8 13. Kb1 O-O 14. g4 Nc5 15. Qe3 Na4 16. Rd3 Rfd8 17.
Re1 h6 18. Bxf6 Bxf6 19. g5 hxg5 20. fxg5 Bxd4 (20... Be5 $5) 21. Qxd4 Qc5 22.
Qxc5 Nxc5 $15 {Pandavos,P-Sioris,G/Ano Liosia op 19931/2-1/2(43)}) 10... Be7
11. Bd3 Rc8 12. O-O-O {Ftacnik: White is running enormous risk, queenside was
weakened by a3. Ftacnik: Weiss geht ein grosses Risiko ein, denn der
Damenflügel ist nach a2-a3 deutlich geschwächt.} (12. O-O $2 {Ftacnik} Qb6 $19)
{[%tqu "En","","","","c8c3","typical exchange sacrifice in this structure",10]}
12... Rxc3 $1 $17 {typical exchange sacrifice in this structure} 13. bxc3 Nc5 (
13... Nxe4 14. Bxe7 Qxe7 15. Bxe4 Bxe4 $15) 14. Bxf6 (14. e5 dxe5 15. fxe5 Nfe4
(15... Nd5 $17 {Ftacnik}) 16. Bxe7 Qxe7 $17 {[%csl Ra3,Rc3,Re5][%cal Ge4f2]}) (
14. Rhe1 {Ftacnik} Qa5 15. Qf3 Qxa3+ 16. Kd2 b4 $40) 14... Bxf6 15. Rhe1 $4 (
15. e5 $1 dxe5 (15... Be7) 16. Nxb5 $1 {critical position after the exchange
sacrifice,and actually of the game.} Ke7 $1 (16... Nxd3+ 17. Rxd3 Bd5 18. c4 e4
19. Rdd1 axb5 20. cxd5 exd5 21. Qb3 $16) (16... Kf8 17. Bc4 (17. Be2 Qa5) 17...
Qa5 18. Nd6 Qxa3+ 19. Kd2 (19. Kb1 $4 Na4) 19... exf4 (19... Bc6 20. Ra1 Nb3+
21. cxb3 Qxd6+ 22. Qd3 $16) 20. Nxb7 (20. Rb1 $2 f3 $1) 20... Nxb7 21. Qf3 (21.
Rb1) 21... Nc5 22. Qa8+ Ke7 23. Qa7+ (23. Qxh8 Qxc3+ $19)) 17. fxe5 Bg5+ 18.
Kb1 {[%csl Rg5]} axb5 (18... Qb6 $2 19. Qg3 Bh6 20. Qh4+ $18) 19. Qg4 Kf8 (
19... f6 $6 20. h4 Bh6 21. exf6+ gxf6 22. Qh5) 20. Bxb5 Qe7 $17) 15... Qa5 $19
16. e5 (16. Kb1 {Ftacnik} Na4 $1 (16... Qxa3 17. Bxb5+ axb5 18. Nxb5 Qa5 19.
Nxd6+ Kf8 (19... Ke7 20. e5 $16) 20. e5 Be7 $13) 17. Ne2 Nxc3+ 18. Nxc3 Bxc3
19. Re3 b4 $19) 16... dxe5 17. fxe5 Bg5+ 18. Kb1 (18. Kb2 {Ftacnik} Na4+ $19)
18... Bd5 {Ftacnik: Ivanchuk plays cat and mouse game, white king is quite
lost. Ftacnik: Ivanchuk spielt mit dem Gegner, der weisse König steht steht
auf verlorenem Posten.} (18... Qxa3 $19) (18... Qxa3 {Ftacnik} 19. Bxb5+ $1 (
19. Nxb5 axb5 20. Bxb5+ Kf8 21. Qg4 $17) 19... axb5 20. Nxb5 Qa5 (20... Qa4 $2
21. Nd6+ Kf8 22. Qh5 $18) 21. Nd6+ Ke7 $19) 19. Nb3 (19. Qh5 {Ftacnik} Qxa3 20.
Qxg5 Na4 21. Bxb5+ axb5 $19) 19... Qxa3 20. Bxb5+ (20. Nxc5 {Ftacnik} Qa2#) (
20. Qh5 {Ftacnik} Nxb3 $19) 20... axb5 21. Rxd5 Na4 $1 (21... Nxb3 {Ftacnik}
22. cxb3 Qxb3+ 23. Ka1 O-O $19) 0-1

[Event "WchT 4th"]
[Site "Luzern"]
[Date "1997.10.28"]
[Round "4.1"]
[White "Ivanchuk, Vassily"]
[Black "Akopian, Vladimir Eduardovic"]
[Result "1-0"]
[WhiteElo "2725"]
[BlackElo "2660"]
[Annotator "Blatny,P"]
[PlyCount "81"]
[EventDate "1997.10.25"]
[EventType "team-tourn"]
[EventRounds "9"]
[EventCountry "SUI"]
[SourceTitle "CBM 062"]
[Source "ChessBase"]
[SourceDate "1998.01.31"]
[SourceVersion "1"]
[SourceVersionDate "1998.01.31"]
[SourceQuality "1"]
[WhiteTeam "Ukraine"]
[BlackTeam "Armenia"]
[WhiteTeamCountry "UKR"]
[BlackTeamCountry "ARM"]

1. e4 e5 2. Nf3 Nf6 3. d4 exd4 4. e5 Ne4 5. Qxd4 (5. Bb5 c6 6. Qxd4 Qa5+ 7. c3
Nxf2 8. Bc4 Nxh1 9. Ng5 {Keres}) (5. Qe2 Nc5 6. Nxd4 Nc6 7. Be3 Nxd4 8. Bxd4
Ne6 9. Bc3 d5 10. exd6 Qxd6 11. Nd2 $14) 5... d5 6. exd6 Nxd6 7. Nc3 (7. Bd3
Nc6 8. Qf4 g6 9. O-O Bg7 10. Re1+ Be6 11. Qa4 O-O $10) 7... Nc6 8. Qf4 g6 (8...
Bf5 9. Bb5 Qe7+ 10. Be3 Nxb5 11. Nxb5 Qb4+ 12. Qxb4 Bxb4+ 13. c3 Bd6 14. Nxd6+
cxd6 15. O-O-O $14 {Matulovic-Kholmov/Sochi/1968/}) 9. Be3 (9. Bd3 Bg7 10. Be3
Be6 11. O-O-O Qf6 12. Qxf6 Bxf6 13. Ng5 O-O-O 14. Nxe6 fxe6 15. Rhe1 $14 {
Tal-Rosetto/Amsterdam/1964/}) (9. Nd4 Bg7 10. Nxc6 bxc6 11. Be2 O-O 12. O-O Bf5
13. Qa4 $14 {Maslov-Mikenas/Vilnius/1959/}) (9. Bb5 Bg7 10. Bxc6+ bxc6 11. O-O
O-O 12. Be3 a5 13. Bd4 $14 {Bronstein}) (9. Qe3+ Be6 10. Ng5 Bh6 11. Nxe6 Bxe3
12. Nxd8 Bxc1 13. Rxc1 Rxd8 $11 {Prie,E-Skalik,P/Cannes op 1995/0-1 (63)}) 9...
Bg7 10. O-O-O O-O {[#]} (10... Be6 11. Ng5 (11. Ne4 O-O 12. Nxd6 cxd6 13. Rxd6
Qa5 14. a3 $16 {Forni-Satori/corr/1989}) 11... O-O 12. h4 Be5 13. Qf3 h5 14.
Nxe6 fxe6 15. Qh3 $14 {1-0 Stefansson,H-Jussupow,A/EUCup Gr1 1994/CBM 44 (37)})
(10... Bxc3 11. bxc3 Bf5 12. Nd4 Qe7 13. g4 Be6 14. Nxc6 bxc6 15. Bd4 g5 16.
Qe5 Rg8 17. Bg2 $40 {1-0 Brasch,H-Schmeidler,M/Bayern-chB 1988 (30)}) 11. h4 {
[%cal Gh4h5,Gh5g6,Gh1h7,Rg7c3,Rc8f5]} h6 (11... Be6 12. Ng5 Qf6 13. Qxf6 Bxf6
14. Nxe6 fxe6 {[#]} 15. Nb5 Nxb5 16. Bxb5 Rfd8 (16... Ne5 $16 {^^+קe6}) 17.
Bxc6 bxc6 {+/=/+/- _|_ [#]} 18. g3 a6 19. Rxd8+ Rxd8 20. c3 {/\Kc2-b3-c4} Kf7
21. Kc2 h5 22. Re1 Rd5 23. Bf4 e5 24. Bd2 Ke6 25. Re4 {/\Ra4-a5,קa6,Pc6} Rd8
26. Ra4 Ra8 27. Be3 Be7 28. Ra5 e4 29. b4 Bd6 (29... c5 30. b5 $18) 30. a4 Kd7
(30... Kd7 31. b5 {[#] 1-0 Sveshnikov,E-Kholmov,R/Moscow2 1995}) 31. b5 {
1-0 Sveshnikov,E-Kholmov,R/Moscow2 1995/CBM 47/[Blatny,P]}) (11... Qf6 $2 12.
Qxf6 Bxf6 13. Nd5 $16 Bd8 14. Bf4) 12. Bc5 $14 (12. Bc4 Bf5 13. Bb3 Re8 14. Nd4
Nxd4 15. Bxd4 Be6 16. Rhe1 g5 17. Qf3 gxh4 18. Ne4 Nxe4 19. Rxe4 Qg5+ 20. Be3
Qf6 21. Qxf6 Bxf6 22. Bxe6 Rxe6 23. Rxe6 fxe6 24. Rd7 Rf8 25. Rxc7 Bg5 26. Bxg5
hxg5 {Gligoric,S-German,E/Stockholm izt 1962/IZT/1/2-1/2 (42)}) (12. Nb5 Be6
13. a3 Re8 $1 14. Nxc7 Qxc7 15. Qxd6 Qa5 16. Qc5 Qxc5 17. Bxc5 Bg4 $44) 12...
Be6 (12... Bxc3 $5 13. bxc3 Be6 {/^a2-f7:/^c3-h8}) 13. Bb5 $1 (13. Bxd6 cxd6
14. Rxd6 Qa5 $44) 13... a6 (13... Qf6 14. Bxd6 cxd6 15. Qxf6 Bxf6 16. Ne4 $16)
(13... Bxc3 14. bxc3 $36) 14. Bxc6 bxc6 {קc6,c7: <->b} 15. Bd4 (15. Bxd6 $5)
15... f6 (15... Qe7 {/\Nc4} 16. Bxg7 Kxg7 17. Rhe1 $16) 16. Bc5 Rf7 (16... Bf7
$142 17. Bxd6 cxd6 18. Rxd6 Qb6 {/^a2-f7,b2-g7,<->b}) 17. Rhe1 $16 Bd7 (17...
g5 18. Qd2 Bg4 19. Bxd6 Bxf3 20. gxf3 cxd6 21. Qxd6 $18) 18. Nd4 Qc8 19. Qg3
Nb7 (19... g5 20. Bxd6) 20. Na4 g5 (20... Kh7 21. Qb3) 21. Qb3 Na5 (21... Nxc5
22. Nxc5 Rb8 23. Qc4 $36) 22. Qd3 (22. Qc3 Nb7 {/\f5}) 22... Nb7 (22... gxh4
23. Be7 $16) 23. Re2 Rb8 24. Rde1 (24. Qxa6 $2 Ra8 25. Ba7 (25. Qc4 Rxa4 26.
Qxa4 Nxc5) 25... Nd6 26. Qxc8+ (26. Qa5 Qb7 $19) 26... Nxc8 $19) 24... Nd6 25.
Qg6 {/\Re7,><f7} Qd8 26. g4 f5 (26... Bxg4 27. Nxc6 Qf8 28. Re7 Rxe7 29. Nxe7+
$36) 27. gxf5 Nxf5 (27... Rf6 $142 28. Qh5 gxh4 29. Qxh4 Nxf5 30. Qe4 Nxd4 31.
Bxd4 $40) 28. Nxc6 Bxc6 29. Qxc6 $18 Qd7 30. Qxd7 Rxd7 31. hxg5 hxg5 32. Re6 a5
33. Ra6 Rd5 34. Rxa5 Nd4 35. Ra6 Nf3 36. Re7 Rbd8 37. c3 Rd1+ 38. Kc2 R1d2+ 39.
Kb3 Rb8+ 40. Ka3 Ne5 41. b3 (41. Rxc7 $4 Nc4#) 1-0